| 000 | 01052nam a2200277Ia 4500 | ||
|---|---|---|---|
| 003 | OSt | ||
| 005 | 20220923211519.0 | ||
| 006 | a|||||r|||| 00| 0 | ||
| 007 | ta | ||
| 008 | 220922b |||||||| |||| 00| 0 hin d | ||
| 020 |
_a9789380441542 (hbk 4 Vols. Set)) _c2050 |
||
| 024 | _a352,634 | ||
| 037 |
_bGV718, 09/03/2020, Vani Prakashan _cTextual |
||
| 040 |
_aARTS _cARTS _bhin |
||
| 041 |
_2hin _ahin |
||
| 082 | _aO152,6:g, Q8.4-.7 | ||
| 100 | _aप्रियंवद, संपा. | ||
| 245 | 0 | _aमाधुरी चयन | |
| 246 | _aMādhurī chayana | ||
| 260 |
_aबीकानेर _b वाग्देवी प्रकाशन _c2018 |
||
| 490 |
_vभाग 4 _aहिंदी नवजागरण काल: 1929 ई0 से 1933ई0 |
||
| 650 |
_a हिन्दी साहित्य _9156264 |
||
| 650 | _aहिन्दी निबंध | ||
| 942 |
_hO152,6:g, Q8.4-.7 _cTEXL _2CC |
||
| 999 |
_c300268 _d300268 |
||